| 000 | 00929nam a2200229 a 4500 | ||
|---|---|---|---|
| 001 | 59838 | ||
| 003 | BD-RjUL | ||
| 005 | 20211209080756.0 | ||
| 008 | 161227s1978 bg a|||| |||| 001 0deng d | ||
| 035 | _a(BD-RjUL)59962 | ||
| 040 |
_aBD-RjUL _beng _cBD-RjUL |
||
| 041 | _aeng | ||
| 082 |
_223 _a910.3 _bMYM 1978 |
||
| 110 |
_aBangladesh _bCabinet Secretariat Establishment Division. _9177747 |
||
| 245 | 1 | 0 |
_aBangladesh District Gazetteers Mymensingh / _bBangladesh. Cabinet Secretariat Establishment Division ; General Editor Nurul Islam Khan |
| 260 |
_aDacca : _bBangladesh Government Press, _c1978. |
||
| 300 |
_aix,401p. : _bill. ; _c25cm. |
||
| 504 | _aIncludes Bibliographical References and Index | ||
| 650 |
_aBangladesh _vGazetteers _zMymensingh _9178067 |
||
| 700 |
_aKhan, Nurul Islam. _9177459 |
||
| 942 |
_2ddc _cRAR |
||
| 999 |
_c59838 _d59838 |
||